| 000 | 00347nam a2200145 a 4500 | ||
|---|---|---|---|
| 001 | 3064 | ||
| 003 | CDMR | ||
| 005 | 20130116135239.0 | ||
| 008 | 130130s1959||||||||||||||||||||||||||||d | ||
| 040 |
_aCDMR _bcat _cCPC LLEIDA |
||
| 100 | 1 |
_aDovifat, Emil _92240 |
|
| 245 | 1 | 0 |
_aPeriodismo 1 _cDOVIFAT, Emil |
| 260 |
_aMéxico DF _c1959 _bUteha |
||
| 942 | _cMON | ||
| 999 |
_c3064 _d3064 |
||